000 00554nmm a2200145Ia 4500
008 251105s9999||||xx |||||||||||||||||und||
041 _aspa
100 _aTárraga Mínguez, Raúl
245 0 _aEnseñanzas iniciales: Nivel I. Ámbito de Ciencia, Tecnología y Sociedad en el Mundo Actual: Unidad 3. Las ciencias en la cocina
264 _a[Madrid, España] :
_bMinisterio de Educación, Cultura y Deporte de España,
_c2015
300 _a78 páginas
650 _aEducation
856 _uhttps://public.digitaliapublishing.com/a/60312
942 _cCF
999 _c105434
_d105434